000
00250nam a2200109 4500
999
_c
8263
_d
8263
003
OSt
005
20201008160347.0
008
201008b ||||| |||| 00| 0 eng d
082
_a
724.91
_b
POR
245
_a
Building and Rational Architecture
942
_2
ddc